[Event "EU-ch U16"]
[Site "Bratislava"]
[Date "2019.08.08"]
[Round "7"]
[White "Stankovic, Milos M"]
[Black "Neiman, Maks"]
[Result "1/2-1/2"]
[WhiteElo "2115"]
[BlackElo "2028"]
[PlyCount "41"]
[EventDate "2019.08.02"]
[EventType "swiss"]
[EventRounds "9"]
[EventCountry "SVK"]
[SourceTitle "CBM 191 Extra"]
[Source "ChessBase"]
[SourceDate "2019.09.30"]
[SourceVersion "1"]
[SourceVersionDate "2019.09.30"]
[SourceQuality "1"]

1. d4 Nf6 2. Nc3 d5 3. Bg5 Bf5 4. Bxf6 exf6 5. a3 c6 6. f3 Bd6 7. e4 dxe4 8. fxe4 Qe7 9. Bd3 Bxe4 10. Nxe4 f5 11. Qf3 fxe4 12. Bxe4 Nd7 13. 0-0-0 0-0 14. Nh3 Nf6 15. Bd3 Rfe8 16. Nf2 Qe3+ 17. Qxe3 Rxe3 18. g3 Rae8 19. Rhf1 Bc7 20. c3 R3e7 21. Kd2 1/2-1/2

[Event "Pardubice Czech op-B 30th"]
[Site "Pardubice"]
[Date "2019.07.25"]
[Round "7"]
[White "Smirnov, Boris"]
[Black "Neiman, Maks"]
[Result "1-0"]
[WhiteElo "2198"]
[BlackElo "1971"]
[PlyCount "59"]
[EventDate "2019.07.19"]
[EventType "swiss"]
[EventRounds "9"]
[EventCountry "CZE"]
[SourceTitle "EXT 2020"]
[Source "ChessBase"]
[SourceDate "2019.10.17"]
[SourceVersion "1"]
[SourceVersionDate "2019.10.17"]
[SourceQuality "1"]

1. e4 e6 2. d4 d5 3. e5 c5 4. c3 Nc6 5. Nf3 Qb6 6. Be2 Nh6 7. Na3 cxd4 8. cxd4 Nf5 9. Nc2 Be7 10. 0-0 0-0 11. Bd3 Bd7 12. b4 f6 13. b5 Na5 14. g4 Nh4 15. Nxh4 fxe5 16. Ng2 exd4 17. Nxd4 Bc5 18. Be3 Kh8 19. Nf3 Bxe3 20. Nxe3 Qd6 21. Nd4 Qf4 22. Ne2 Qf3 23. Ng3 d4 24. Ng2 e5 25. Qxf3 Rxf3 26. Bc2 Ra3 27. Rfd1 Rc8 28. f4 Rac3 29. fxe5 d3 30. Ne4 1-0

[Event "Netanya op"]
[Site "Netanya"]
[Date "2019.07.02"]
[Round "9"]
[White "Neiman, Maks"]
[Black "Hasidovsky, Michael"]
[Result "1/2-1/2"]
[WhiteElo "1964"]
[BlackElo "2135"]
[PlyCount "27"]
[EventDate "2019.06.23"]
[EventType "swiss"]
[EventRounds "9"]
[EventCountry "ISR"]
[SourceTitle "EXT 2020"]
[Source "ChessBase"]
[SourceDate "2019.10.17"]
[SourceVersion "1"]
[SourceVersionDate "2019.10.17"]
[SourceQuality "1"]

1. d4 d5 2. Bf4 Bf5 3. e3 Nf6 4. Nf3 h6 5. c4 c6 6. Qb3 Qc8 7. Nc3 e6 8. h3 dxc4 9. Bxc4 Nbd7 10. e4 Bh7 11. Rc1 Nb6 12. d5 Nxc4 13. Qxc4 Be7 14. Ne5 1/2-1/2

[Event "Netanya op"]
[Site "Netanya"]
[Date "2019.07.01"]
[Round "8"]
[White "Prraneeth, Vuppala"]
[Black "Neiman, Maks"]
[Result "1-0"]
[WhiteElo "2264"]
[BlackElo "1964"]
[PlyCount "149"]
[EventDate "2019.06.23"]
[EventType "swiss"]
[EventRounds "9"]
[EventCountry "ISR"]
[SourceTitle "CBM 191 Extra"]
[Source "ChessBase"]
[SourceDate "2019.09.30"]
[SourceVersion "1"]
[SourceVersionDate "2019.09.30"]
[SourceQuality "1"]

1. d4 Nf6 2. c4 e6 3. g3 c5 4. d5 exd5 5. cxd5 d6 6. Nc3 g6 7. Bg2 Bg7 8. Nf3 0-0 9. 0-0 Re8 10. Bf4 a6 11. a4 Nh5 12. Bg5 Qc7 13. Nd2 h6 14. Be3 Nd7 15. Nc4 Ne5 16. Nxe5 Rxe5 17. Bd2 Nf6 18. e4 Rb8 19. a5 Bd7 20. Re1 Ree8 21. Na4 Bb5 22. Rc1 Nd7 23. b4 c4 24. Bf1 Rbc8 25. Bc3 Qd8 26. Bxg7 Kxg7 27. Nc3 Qf6 28. f4 g5 29. Bh3 Rcd8 30. Bf5 Nf8 31. fxg5 hxg5 32. Rf1 Qh6 33. Nxb5 axb5 34. Qg4 Ng6 35. Bxg6 Qxg6 36. Rf5 f6 37. Rcf1 Rf8 38. h4 gxh4 39. Qxh4 Rf7 40. Qf4 Rff8 41. Qf3 Rde8 42. Kg2 Qh6 43. Rf4 Re5 44. Rh1 Qg6 45. Rf5 Rfe8 46. Rh4 Kf7 47. Rxf6+ Qxf6 48. Rh7+ Kg6 49. Rh6+ Kxh6 50. Qxf6+ Kh7 51. Qf7+ Kh6 52. Qxb7 Rxe4 53. Qc7 Kg5 54. Qg7+ Kf5 55. a6 Re2+ 56. Kh3 R2e7 57. Qg4+ Ke5 58. a7 Kxd5 59. Qf3+ Re4 60. Qf5+ R4e5 61. Qd7 Kd4 62. Qxd6+ Kc3 63. Qxe5+ Rxe5 64. a8Q Kxb4 65. Qa2 c3 66. g4 Re3+ 67. Kh4 Rd3 68. g5 Rd2 69. Qb1+ Kc4 70. g6 c2 71. Qf1+ Kc3 72. g7 Rd1 73. Qf3+ Kd2 74. g8Q c1Q 75. Qgg2+ 1-0

[Event "Netanya op"]
[Site "Netanya"]
[Date "2019.06.30"]
[Round "7"]
[White "Neiman, Maks"]
[Black "Levi, Netanel"]
[Result "1-0"]
[WhiteElo "1964"]
[BlackElo "2143"]
[PlyCount "84"]
[EventDate "2019.06.23"]
[EventType "swiss"]
[EventRounds "9"]
[EventCountry "ISR"]
[SourceTitle "CBM 191 Extra"]
[Source "ChessBase"]
[SourceDate "2019.09.30"]
[SourceVersion "1"]
[SourceVersionDate "2019.09.30"]
[SourceQuality "1"]

1. d4 d6 2. Bf4 Nf6 3. e3 g6 4. Nf3 Bg7 5. h3 0-0 6. Be2 c5 7. 0-0 Nc6 8. d5 Nb8 9. Nc3 Nh5 10. Bh2 a6 11. a4 Qa5 12. Nd2 Nf6 13. Nc4 Qd8 14. e4 Nbd7 15. f4 Rb8 16. a5 b5 17. axb6 Nxb6 18. Na5 Qc7 19. Nc6 Ra8 20. e5 Ne8 21. Bf3 Bb7 22. Qe2 Bxc6 23. dxc6 e6 24. exd6 Nxd6 25. f5 exf5 26. Rxa6 Rae8 27. Qd3 Bd4+ 28. Kh1 Re3 29. Qd1 Nbc4 30. Nd5 Qc8 31. Bxd6 Qxa6 32. Bxf8 Kxf8 33. b3 Nd2 34. Nxe3 Bxe3 35. Re1 f4 36. Qa1 Qb6 37. Qh8+ Ke7 38. Qe5+ Kf8 39. c7 f6 40. c8Q+ Kg7 41. Qe7+ Kh6 42. Qcf8+ Kg5 1-0

[Event "Netanya op"]
[Site "Netanya"]
[Date "2019.06.28"]
[Round "6"]
[White "Gleizer, Mark"]
[Black "Neiman, Maks"]
[Result "1/2-1/2"]
[WhiteElo "2173"]
[BlackElo "1964"]
[PlyCount "62"]
[EventDate "2019.06.23"]
[EventType "swiss"]
[EventRounds "9"]
[EventCountry "ISR"]
[SourceTitle "CBM 191 Extra"]
[Source "ChessBase"]
[SourceDate "2019.09.30"]
[SourceVersion "1"]
[SourceVersionDate "2019.09.30"]
[SourceQuality "1"]

1. d4 Nf6 2. Nf3 g6 3. Nbd2 d5 4. e3 Bg7 5. b4 0-0 6. a4 Nbd7 7. Bd3 c6 8. Ba3 Qc7 9. Rb1 Re8 10. 0-0 e5 11. dxe5 Ng4 12. h3 Ngxe5 13. Nd4 a5 14. b5 c5 15. b6 Nxb6 16. Bb5 Bd7 17. Bxd7 Nexd7 18. Nb5 Qc6 19. c3 Ne5 20. Qc2 Nec4 21. Nxc4 Nxc4 22. Rfd1 b6 23. Rb3 Rad8 24. Bc1 f5 25. Rb1 Re4 26. Ra1 Rd7 27. Ra2 Qe6 28. Qd3 Ne5 29. Qb1 Nc4 30. Qd3 Ne5 31. Qb1 Nc4 1/2-1/2

[Event "Netanya op"]
[Site "Netanya"]
[Date "2019.06.26"]
[Round "4"]
[White "Neeman, Gal"]
[Black "Neiman, Maks"]
[Result "0-1"]
[WhiteElo "1661"]
[BlackElo "1964"]
[PlyCount "79"]
[EventDate "2019.06.23"]
[EventType "swiss"]
[EventRounds "9"]
[EventCountry "ISR"]
[SourceTitle "CBM 191 Extra"]
[Source "ChessBase"]
[SourceDate "2019.09.30"]
[SourceVersion "1"]
[SourceVersionDate "2019.09.30"]
[SourceQuality "1"]

1. d4 Nf6 2. Nf3 g6 3. Nbd2 d5 4. e3 Bg7 5. b4 0-0 6. c4 b6 7. c5 a5 8. Ba3 axb4 9. Bxb4 bxc5 10. Bxc5 Na6 11. Nb3 Ne4 12. Qc2 Bf5 13. Bd3 Nexc5 14. Nxc5 Bxd3 15. Nxd3 c5 16. 0-0 c4 17. Nf4 Qd6 18. Rfd1 Rfb8 19. a3 e6 20. Ne2 Rb3 21. Nc3 Rab8 22. Rdb1 Qb6 23. Nd2 Rb2 24. Rxb2 Qxb2 25. Ra2 Qb6 26. Ra1 Qa5 27. Rb1 Qxa3 28. Rxb8+ Nxb8 29. Ndb1 Qb4 30. Kf1 Nc6 31. Qa2 Bf8 32. Ke2 Qb6 33. Qd2 Qb3 34. Qc1 Bb4 35. Qd1 Qb2+ 36. Qd2 Qa1 37. Qe1 Na7 38. Qd2 Nb5 39. Qa2 Nxc3+ 40. Nxc3 0-1

[Event "Netanya op"]
[Site "Netanya"]
[Date "2019.06.23"]
[Round "1"]
[White "Neiman, Maks"]
[Black "Flom, Gabriel"]
[Result "0-1"]
[WhiteElo "1964"]
[BlackElo "2480"]
[PlyCount "38"]
[EventDate "2019.06.23"]
[EventType "swiss"]
[EventRounds "9"]
[EventCountry "ISR"]
[SourceTitle "CBM 191 Extra"]
[Source "ChessBase"]
[SourceDate "2019.09.30"]
[SourceVersion "1"]
[SourceVersionDate "2019.09.30"]
[SourceQuality "1"]

1. d4 Nf6 2. Bf4 e6 3. e3 c5 4. Nf3 d5 5. c3 Nc6 6. Nbd2 Be7 7. Bd3 Nh5 8. Bg3 g6 9. Qe2 Qb6 10. Rb1 cxd4 11. exd4 0-0 12. Ne5 Nxe5 13. Bxe5 f6 14. Bg3 e5 15. c4 Qxd4 16. cxd5 Bb4 17. 0-0 Bxd2 18. Qxd2 Nxg3 19. hxg3 e4 0-1